Rozšírenie jazyka Petriflow o transakčné správanie

Guardado en:
Detalles Bibliográficos
Autor principal: Daxner, Jozef (Autor)
Otros Autores: Juhás, Gabriel (Orientador)
Formato: Manuscrito Libro
Lenguaje:eslovaco
Publicado: 2023
Materias:
Acceso en línea:http://is.stuba.sk/zp/portal_zp.pl?podrobnosti=158899
Etiquetas: Agregar Etiqueta
Sin Etiquetas, Sea el primero en etiquetar este registro!

MARC

LEADER 00000ntm a22000003a 4500
001 stuzp85605
003 SK-STU
005 20230909210738.3
007 ta
008 150427s2015----xo-----f-mn---000-0-slo-d
040 |a STU  |b slo 
041 0 |a slo 
100 1 |a Daxner, Jozef  |u 070200  |4 aut  |U FIIT Fakulta informatiky a informačných technológií  |T FIIT Ústav informatiky, informačných systémov a softvérového inžinierstva  |X 73703  |U I200  |Y 179  |7 73703 
242 0 1 |a Extending the Petriflow language with transactional behaviour  |y eng 
245 1 0 |a Rozšírenie jazyka Petriflow o transakčné správanie 
260 |c 2023 
650 4 |a jazyk Petriflow  |2 slo 
650 4 |a databázové systémy  |2 slo 
650 4 |a Petriho siete  |2 slo 
650 4 |a preprocessing jayzka Petriflow  |2 slo 
650 4 |a jazyk SQL  |2 slo 
650 4 |a Petriflow language  |2 eng 
650 4 |a database systems  |2 eng 
650 4 |a SQL language  |2 eng 
650 4 |a Petri nets  |2 eng 
650 4 |a Petriflow language preprocessing  |2 eng 
700 1 |a Juhás, Gabriel  |4 ths  |X 4971  |7 A000004971 
856 4 |u http://is.stuba.sk/zp/portal_zp.pl?podrobnosti=158899